00582nam a2200205Ia 450000500170000000800410001702000150005808200190007310000220009224500460011426000340016030000160019465000140021065000130022465000130023765000100025094200060026095200950026699900150036120250317060117.0240331s9999 xx 000 0 und d a9559767844 bMAL24837a301 aMallikarachchi, D 0aSociological and Anthropological Writings bDesmond Mallikarachchi,c2003 aix, 153 p., aSociology aPolitics aReligion aClass cL 001040708LaWERCLbWERCLcSSCd2024-03-31l0o 301 MALp4837r2024-03-31w2024-03-31yL c1451d1451